000 00890nas a2200289 4500
001 BR0802538
003 BR-BrBNA
005 20231205112018.0
007 ta
008 230509b bl.|||p| |||| 00| 00por d
040 _aBR-BrBNA
_bpor
_cBiblioteca Nacional de Agricultura
041 _a(Pt)
072 _aL53; L20; L70
100 1 _aBavaresco, A.
100 1 _aGarcia, M.
100 1 _aGrützmacher, A.D.
100 1 _aRingenber, R.
100 1 _aForesti, J.
245 1 _aAdequação de uma dieta artificial para criação de Spodoptera cosmioides (Walk.)(Lepidoptera: Noctuidae)em laboratório
650 _aINSETO
650 _aDIETA
650 _aREPRODUÇÃO
650 _aFERTILIDADE
773 0 _tNeotropical Entomology (Brazil)
_xISSN 1519-566X
_g(Mar-Apr 2004), v. 33(2) p. 155-161
_wBR0802538
909 _a202311
_bLúcia
_c55
_dLúcia Elande
942 _2AGRIS
_n0
_cANA
999 _c195625
_d195625